Movies Quiz

Random Movies or Actor Quiz

Double Click: Actor Roles Quiz Stats

 Plays Quiz Updated Dec 29, 2018

Support Sporcle.
Go Orange.
Score 0/30 Timer 07:00
5 Plays Today
% Correct
Rocky and Rambo
95.6%
Batman and Danny Ocean
77.6%
Batman and Patrick Bateman
77.3%
Willy Wonka and Ichabod Crane
76.7%
Joker and Jack Torrance
75.6%
Joker and Ennis Del Mar
75.4%
James Bond and Mikael Blomkvist
75.1%
James Bond and Prof. Henry Jones
73.3%
Mr. Freeze and Kalidor
71.9%
Popeye and Euphegenia Doubtfire
71.6%
Willy Wonka and Dr. Frankenstein
71.2%
Batman and Jack Frost
70.5%
James Bond and Thomas Crown
68.9%
Michael Corleone and Frank Serpico
66.2%
Lloyd Christmas and Stanley Ipkiss
59.2%
% Correct
Carl Spackler and Dr. Peter Venkman
57.2%
Vito Corleone and Jor-El
57%
'Popeye' Doyle and Lex Luthor
56.3%
Vito Corleone and Max Cady
53.9%
Rooster Cogburn and Davy Crockett
51.7%
Stanley Yelnats IV and Mutt Williams
46.8%
Indiana Jones and Charlie Fox
45.9%
Jacques Clouseau and Dr. Michael Hfuhruhurr
44.2%
Rooster Cogburn and Lightfoot
43.9%
Jacques Clouseau and Henry Orient
42.9%
Fielding Mellish and Alvy Singer
39.8%
Thomas Crown and Hilts
39.4%
Rick Deckard and Dr. Richard Kimble
39.4%
Otis B. Driftwood and Rufus T. Firefly
31.8%
Larson E. Whipsnade and Egbert Sousè
27.8%

You're not logged in!

Compare scores with friends on all Sporcle quizzes.
OR
Log In
Forgot?

From the Vault

TV Show Characters IV

by SporcleEXP

In real life, there's no humorous advantage to having wacky neighbors.
Remove Ads.
Support Sporcle.
Get the best of Sporcle when you Go Orange. This ad-free experience offers more features, more stats, and more fun while also helping to support Sporcle. Thank you for becoming a member.

Show Comments

Extras

Top Quizzes Today


Score Distribution

Your Account Isn't Verified!

In order to create a playlist on Sporcle, you need to verify the email address you used during registration. Go to your Sporcle Settings to finish the process.

Report this User

Report this user for behavior that violates our Community Guidelines.

Details: